000 00346nam a2200121Ia 4500
008 250110s9999 xx 000 0 und d
041 _aeng
100 _aSankhala Purva
_9182641
245 _aPune Pavillion Urban Park For The City Of Pune
260 _bFinal Year B.Arch ID, Pune
_c2014
300 _a47p
700 _aGuide Name:Modak S N
_9210316
999 _c363508
_d363508